000 00316nam a2200121Ia 4500
008 190216s9999||||xx |||||||||||||| ||und||
100 _aMuhammed Murmaduke Pickthal
245 4 _aThe Cultural Side Of Islam
260 _b"Kitab Bhavan, New Delhi-2"
_c1990
300 _a193
650 _aIslamic History
942 _cBK
999 _c22111
_d22111